Szczegóły MARC21

Elementariusz ekologiczny w nauczaniu zintegrowanym dla klas 1 - 3 /

003 -Nazwa inst., której nr kontr. jest w polu 001 [,]
    • @
    • Nazwa instytucji, której n kontrolny jest w polu 001
    • NUKAT
005 -DATA I CZAS OSTATNIEJ MODYFIKACJI [,]
    • @
    • pole kontrolne
    • 20241231110248.0
020 -Międzynarod. znormalizowany nr książki - ISBN [ , ]
    • a
    • Numer ISBN
    • 8387724459 Find
040 -Instytucja sporządzająca opis [ , ]
    • a
    • Instytucja, która sporządziła opis (NP)
    • TOR U/lf
    • c
    • Instytucja, która sporządziła rekord (NP)
    • TOR U/lf
    • d
    • Instytucja, która zmodyfikowała rekord (P)
    • TOR U/AP
    • d
    • Instytucja, która zmodyfikowała rekord (P)
    • Ł U/MRs
942 -Rodzaj dokumentu [ , ]
    • c
    • Rodzaj dokumentu
    • Książka
100 -Hasło główne - nazwa osobowa [1, ]
    • a
    • Nazwa osobowa (NP)
    • Gut, Halina.
    • 9
    • KHW
    • 715096
245 -Strefa tytułu i oznaczenia odpowiedzialności [1,0]
    • a
    • Tytuł
    • Elementariusz ekologiczny w nauczaniu zintegrowanym dla klas 1 - 3 / Find
    • c
    • Pozostałe elementy strefy tytułu i oznaczenia odpowiedzialności (NP)
    • Halina Gut ; [rys. Przemysław Sałamacha et al.].
246 -Wariant tytułu [1,4]
    • a
    • Tytuł (NP)
    • Elementariusz ekologiczny
260 -Strefa adresu wydawniczego [ , ]
    • a
    • Miejsce wydania (P)
    • Warszawa :
    • b
    • Nazwa wydawcy (P)
    • "Nowa Era",
    • c
    • Data wydania (P)
    • 1999.
300 -Strefa opisu fizycznego [ , ]
    • a
    • Określenie formy książki i/lub objętość (NP)
    • 103, [1] s. :
    • b
    • Oznaczenie ilustracji (NP)
    • il. kolor. ;
    • c
    • Format (NP)
    • 30 cm.
336 -Typ zawartości [ , ]
    • a
    • Termin opisujący typ zawartości
    • Tekst
    • b
    • Kod określający zawartość
    • txt
    • 2
    • Źródło (terminu i kodu)
    • rdacontent
337 -Typ mediów [ , ]
    • a
    • Tryb odtwarzania
    • Bez urządzenia pośredniczącego
    • b
    • Kod typu mediów
    • n
    • 2
    • Źródło (terminu i kodu)
    • rdamedia
338 -Typ/rodzaj nośnika [ , ]
    • a
    • Hasło opisujące typ nośnika
    • Wolumin
    • b
    • Kod typu nośnika
    • nc
    • 2
    • Źródło (terminu i kodu)
    • rdacarrier
080 -Uniwersalna Klasyfikacja Dziesiętna [ , ]
    • 2
    • Identyfikator wydania tablic
    • UDC-PO22
    • a
    • Symbol klasyfikacji
    • 504
    • b
    • Dopowiedzenie
    • Nauka o środowisku
    • x
    • Poddział wspólny
    • (075.2)
    • b
    • Dopowiedzenie
    • Podręczniki dla szkół podstawowych. Elementarze.
080 -Uniwersalna Klasyfikacja Dziesiętna [ , ]
    • 2
    • Identyfikator wydania tablic
    • UDC-PO22
    • a
    • Symbol klasyfikacji
    • 372.4
    • b
    • Dopowiedzenie
    • Nauczanie początkowe.
    • x
    • Poddział wspólny
    • (075.2)
    • b
    • Dopowiedzenie
    • Podręczniki dla szkół podstawowych. Elementarze.
650 -Hasło przedmiotowe [ ,7]
    • a
    • Hasło przedmiotowe
    • Ekologia
    • v
    • Określnik formalny
    • podręczniki dla szkół podstawowych.
    • 2
    • Źródło terminu
    • kaba
    • 9
    • KHW
    • 589332
655 -Hasło w funkcji tematu formalnego [ ,7]
    • a
    • Hasło
    • Elementarze.
    • 2
    • Źródło terminu
    • kaba
    • 9
    • KHW
    • 209940
980 -Symbol UKD [ , ]
    • a
    • UKD
    • 504:372.4](075.2)
700 -Hasło dodatkowe - nazwa osobowa [1, ]
    • a
    • Nazwa osobowa (NP)
    • Sałamacha, Przemysław. Find
    • e
    • Określenie rodzaju współpracy
    • Il.
    • 9
    • KHW
    • 715097
710 -Hasło dodatkowe - nazwa ciała zbiorowego [2, ]
    • a
    • Nazwa ciała zbiorowego lub nazwa geograficzna jako pierwszy element (NP)
    • Nowa Era.
    • 4
    • Kod relacji
    • pbl
    • 9
    • KHW
    • 87888
920 -ISBN [ , ]
    • a
    • ISBN
    • 83-87724-45-9 Find
Numer inwentarzowy Status udost. Data inwentaryzacji Lokalizacja
Pd.1886412007-10-23BG
Pd.1886512007-10-23BNS
Pd.1886612007-10-23BNS